World news prism: global media in an era of terrorism (Record no. 155502)
[ view plain ]
| 000 -LEADER | |
|---|---|
| fixed length control field | 00546nam a2200181Ia 4500 |
| 008 - FIXED-LENGTH DATA ELEMENTS--GENERAL INFORMATION | |
| fixed length control field | 210423s2005 xx 000 0 und d |
| 020 ## - INTERNATIONAL STANDARD BOOK NUMBER | |
| International Standard Book Number | 8122901859 |
| 041 ## - LANGUAGE CODE | |
| Language code of text/sound track or separate title | eng |
| 082 ## - DEWEY DECIMAL CLASSIFICATION NUMBER | |
| Classification number | 070.1 HACW |
| 100 ## - MAIN ENTRY--PERSONAL NAME | |
| Personal name | HACHTEN (William A);SCOTTON (James F) |
| 245 ## - TITLE STATEMENT | |
| Title | World news prism: global media in an era of terrorism |
| 260 ## - PUBLICATION, DISTRIBUTION, ETC. | |
| Place of publication, distribution, etc. | New Delhi |
| Name of publisher, distributor, etc. | Surjeeth Publications |
| Date of publication, distribution, etc. | 2005 |
| 300 ## - PHYSICAL DESCRIPTION | |
| Extent | xxi,205 |
| Other physical details | PB |
| 365 ## - TRADE PRICE | |
| Price amount | 195 |
| Currency code | INR |
| 650 ## - SUBJECT ADDED ENTRY--TOPICAL TERM | |
| Topical term or geographic name entry element | General |
| 650 ## - SUBJECT ADDED ENTRY--TOPICAL TERM | |
| Topical term or geographic name entry element | Mass Media |
| 906 ## - LOCAL DATA ELEMENT F, LDF (RLIN) | |
| a | an ; era ; global ; media ; news ; prism: ; terrorism. ; World |
| Withdrawn status | Lost status | Damaged status | Not for loan | Collection code | Home library | Current library | Date acquired | Source of acquisition | Cost, normal purchase price | Total Checkouts | Full call number | Barcode | Date last seen | Price effective from | Koha item type |
|---|---|---|---|---|---|---|---|---|---|---|---|---|---|---|---|
| MAJMC | St Aloysius PG Library | St Aloysius PG Library | 07/09/2008 | Higginbothams Pvt Ltd | 195.00 | 070.1 HACW | PG001974 | 08/24/2022 | 04/26/2021 | Book |